Hasek, the creator of Schweik

שמור ב:
מידע ביבליוגרפי
מחבר ראשי: Frynta, Emanuel
פורמט: ספר
שפה:Undetermined
יצא לאור: Prague Artia 1965
נושאים:
תגים: הוספת תג
אין תגיות, היה/י הראשונ/ה לתייג את הרשומה!
Thư viện lưu trữ: Trung tâm Học liệu Trường Đại học Cần Thơ
LEADER 00519nam a2200181Ia 4500
001 CTU_111576
008 210402s9999 xx 000 0 und d
082 |a 891.868509 
082 |b F947 
100 |a Frynta, Emanuel 
245 0 |a Hasek, the creator of Schweik 
245 0 |c Emanuel Frynta ; Translation by Jean Layton, George Theiner 
260 |a Prague 
260 |b Artia 
260 |c 1965 
650 |a Hasek, Jaroslav, 1883-1923 
904 |i M.Loan 
980 |a Trung tâm Học liệu Trường Đại học Cần Thơ